000 00748nam1a22002651 4500
001 RU\NLR\A1SV\157123
005 20251203171251.9
035 _a(NLR Aleph) 012553661
090 _a12438382
_c12438382
100 _a20210625d1925 u y0rusy50 ca
101 1 _arus
_ceng
102 _aRU
200 1 _aСобрание сочинений
_fЭптон Синклер
210 _aЛ.
_cМысль
_d1925
215 _d17 см
300 _aАвт. и загл. на рус. и англ. яз.
620 _dСанкт-Петербург
700 1 _aСинклер
_bЭ.Б.
_f1878-1968
_gЭптон Билл
801 0 _aRU
_bNLR
_c20210625
899 _aРГБ
899 _aРГБ
942 _cBOOK
980 _aNB
980 _aA1SV